Foods that Start with C - Statistics

General Stats
  • This quiz has been taken 86 times
  • The average score is 4 of 16
Answer Stats
Picture Answer % Correct
Carrot
100%
Cherry
93%
Churro
69%
Cucumber
67%
Croissant
45%
Calamari
22%
Cotton Candy
15%
Cinnamon
4%
Caviar
2%
Corn Dog
2%
Crêpe
2%
Candy Corn
0%
Canteloupe
0%
Cashew
0%
Cassava
0%
Crème brûlée
0%
No matching quizzes found
Score Distribution
Percent of People with Each Score
Percentile by Number Answered
Your Score History
You have not taken this quiz